Author catalogue of the books in the library of the Industrial Section, Indian Museum, Calcutta. (Record no. 84486)
[ view plain ]
| 000 -LEADER | |
|---|---|
| fixed length control field | 01524cam a2200337 4500 |
| 001 - CONTROL NUMBER | |
| control field | sa 68012364 |
| 003 - CONTROL NUMBER IDENTIFIER | |
| control field | DLC |
| 005 - DATE AND TIME OF LATEST TRANSACTION | |
| control field | 20260227112609.0 |
| 008 - FIXED-LENGTH DATA ELEMENTS--GENERAL INFORMATION | |
| fixed length control field | 751120m19559999ii bc 000 0 eng |
| 010 ## - LIBRARY OF CONGRESS CONTROL NUMBER | |
| LC control number | sa 68012364 |
| 025 ## - OVERSEAS ACQUISITION NUMBER | |
| Overseas acquisition number | PL480:I-E-7509 |
| 040 ## - CATALOGING SOURCE | |
| Original cataloging agency | DLC |
| Transcribing agency | DLC |
| Modifying agency | DLC |
| 043 ## - GEOGRAPHIC AREA CODE | |
| Geographic area code | a-ii--- |
| 050 00 - LIBRARY OF CONGRESS CALL NUMBER | |
| Classification number | Z5360 |
| Item number | .I53 1955 |
| 082 00 - DEWEY DECIMAL CLASSIFICATION NUMBER | |
| Classification number | 016.58 |
| 110 2# - MAIN ENTRY--CORPORATE NAME | |
| Corporate name or jurisdiction name as entry element | Indian Museum. |
| Subordinate unit | Industrial Section. |
| -- | Library. |
| 245 10 - TITLE STATEMENT | |
| Title | Author catalogue of the books in the library of the Industrial Section, Indian Museum, Calcutta. |
| Statement of responsibility, etc. | Compiled by K. S. Srinivasan, curator, and A. C. Roy. |
| 260 ## - PUBLICATION, DISTRIBUTION, ETC. | |
| Place of publication, distribution, etc. | Delhi, |
| Name of publisher, distributor, etc. | Manager of Publications, |
| Date of publication, distribution, etc. | 1955- |
| 300 ## - PHYSICAL DESCRIPTION | |
| Extent | v. |
| Dimensions | 20-22 cm. |
| 500 ## - GENERAL NOTE | |
| General note | At head of title: v. 1, Botanical Survey of India. |
| 500 ## - GENERAL NOTE | |
| General note | Vol. 2 compiled by K. S. Srinivasan, Curator, and A. R. Das; with imprint: Botanical Survey of India, Calcutta. |
| 500 ## - GENERAL NOTE | |
| General note | Vol. 2, issued as no. 4 in the union series of catalogues published under title: Catalogue of the collections in the libraries of the Botanical Survey of India. |
| 650 #0 - SUBJECT ADDED ENTRY--TOPICAL TERM | |
| Topical term or geographic name entry element | Botany |
| Form subdivision | Bibliography |
| -- | Catalogs. |
| 610 20 - SUBJECT ADDED ENTRY--CORPORATE NAME | |
| Corporate name or jurisdiction name as entry element | Indian Museum. |
| Subordinate unit | Industrial Section. |
| -- | Library. |
| 650 #0 - SUBJECT ADDED ENTRY--TOPICAL TERM | |
| Topical term or geographic name entry element | Botany |
| Geographic subdivision | India |
| Form subdivision | Bibliography |
| -- | Catalogs. |
| 650 #0 - SUBJECT ADDED ENTRY--TOPICAL TERM | |
| Topical term or geographic name entry element | Agriculture |
| Form subdivision | Bibliography |
| -- | Catalogs. |
| 710 2# - ADDED ENTRY--CORPORATE NAME | |
| Corporate name or jurisdiction name as entry element | Botanical Survey of India. |
| Title of a work | Catalogue of the collections in the libraries of the Botanical Survey of India, no. 4, April 1962. |
| 710 2# - ADDED ENTRY--CORPORATE NAME | |
| Corporate name or jurisdiction name as entry element | Botanical Survey of India. |
| 700 1# - ADDED ENTRY--PERSONAL NAME | |
| Personal name | Srinivasan, K. S., |
| Dates associated with a name | 1912- |
| Relator term | comp. |
| 700 1# - ADDED ENTRY--PERSONAL NAME | |
| Personal name | Roy, A. C., |
| Relator term | comp. |
No items available.